La armonía es numérica : música y matemáticas /
Guardado en:
| Autor Principal: | |
|---|---|
| Otros Autores: | |
| Formato: | Libro |
| Idioma: | Spanish |
| Publicado: |
[Barcelona?] :
RBA,
c2011.
|
| Series: | El mundo es matemático
|
| Etiquetas: |
Agregar Etiqueta
Sin Etiquetas, Sea el primero en etiquetar este registro!
|
| LEADER | 01430nam a22002175a 4500 | ||
|---|---|---|---|
| 001 | MAT.inmabb007139 | ||
| 008 | 180730s2011####sp#a#####b####001#0#spa#d | ||
| 005 | 20180810155150.0 | ||
| 245 | 1 | 3 | |a La armonía es numérica : |b música y matemáticas / |c Javier Arbonés, Pablo Milrud. |
| 260 | |a [Barcelona?] : |b RBA, |c c2011. | ||
| 300 | |a 159 p. : |b il. ; |c 24 cm. | ||
| 490 | 1 | |a El mundo es matemático | |
| 500 | |a "Un gran matemático dijo en una ocasión que la música era 'el placer que experimenta la mente humana al contar sin darse cuenta de que está contando'. Las conexiones entre música y matemáticas son muchas y fascinantes, desde la relación entre armonía y número que asombró a los pitagóricos hasta las ingeniosas técnicas de repetición y traslación empleadas por Bach, Mozart y muchos otros para componer algunas de sus obras maestras."--Contratapa. | ||
| 504 | |a Incluye referencias bibliográficas (p. 157) e índice. | ||
| 505 | 0 | |a 1. Tensando la cuerda -- 2. La otra dimensión: el tiempo -- 3. La geometría de la composición -- 4. Ondas y bits -- 5. Matemática para componer -- 6. Anexo I. Conceptos básicos de escritura y de teoría musical -- Anexo II. Una segunda mirada al rol del tiempo en la música. | |
| 020 | |a 9788447369614 | ||
| 100 | 1 | |a Arbonés, Javier. | |
| 700 | 1 | |a Milrud, Pablo. | |
| 830 | 0 | |a El mundo es matemático | |
| 084 | |a 00A65 |2 msc2000 | ||
| 859 | |h 00A65 |i Ar666 |p A-9212 |b BIB. MATEMATICA | ||
